[Event "Voronezh op-B 18th"]
[Site "Voronezh"]
[Date "2014.06.18"]
[Round "7"]
[White "Sedykh, Egor"]
[Black "Grishchenko, Vladimir"]
[Result "1-0"]
[WhiteElo "1905"]
[BlackElo "1983"]
[PlyCount "67"]
[EventDate "2014.06.12"]
[EventType "swiss"]
[EventRounds "9"]
[EventCountry "RUS"]
[SourceTitle "EXT 2015"]
[Source "ChessBase"]
[SourceDate "2014.11.20"]
[SourceVersion "1"]
[SourceVersionDate "2014.11.20"]
[SourceQuality "1"]

1. d4 Nf6 2. c4 e6 3. g3 c6 4. Nf3 d5 5. Nbd2 Be7 6. Bg2 Nbd7 7. Qc2 0-0 8. 0-0 c5 9. cxd5 exd5 10. Rd1 Qb6 11. e3 Re8 12. b3 cxd4 13. Nxd4 Ne5 14. N2f3 Nxf3+ 15. Bxf3 g6 16. Bb2 Bd7 17. Qd3 Rad8 18. Rac1 h5 19. Ne2 Bf5 20. Qd4 Be4 21. Qxb6 axb6 22. Kg2 b5 23. Rc7 Ng4 24. Bxe4 Bd6 25. Rxb7 dxe4 26. Bd4 Rc8 27. h3 Nh6 28. Nc3 b4 29. Nd5 Red8 30. Bf6 Rb8 31. Bxd8 Rxb7 32. Nf6+ Kf8 33. Rxd6 Nf5 34. Rd2 1-0

[Event "Voronezh Region-ch"]
[Site "Voronezh"]
[Date "2013.12.08"]
[Round "6"]
[White "Klimentov, Evgeny"]
[Black "Grishchenko, Vladimir"]
[Result "1/2-1/2"]
[WhiteElo "2007"]
[BlackElo "2015"]
[PlyCount "119"]
[EventDate "2013.12.03"]
[EventType "swiss"]
[EventRounds "9"]
[EventCountry "RUS"]
[SourceTitle "CBM 158 Extra"]
[Source "ChessBase"]
[SourceDate "2014.02.28"]
[SourceVersion "1"]
[SourceVersionDate "2014.02.28"]
[SourceQuality "1"]

1. e4 c5 2. Nf3 e6 3. d4 cxd4 4. Nxd4 a6 5. Bd3 Qc7 6. 0-0 Nc6 7. Nxc6 dxc6 8. Nd2 e5 9. Nc4 b5 10. Ne3 Nf6 11. c4 b4 12. Bd2 Bc5 13. Qa4 Rb8 14. Nd5 Qd7 15. Qa5 Bd4 16. Nxb4 0-0 17. Bc2 Bb6 18. Qxe5 Qxd2 19. Qxb8 Qxb4 20. Qg3 Qxc4 21. Rac1 Qe6 22. Rfe1 Ng4 23. Re2 h5 24. h3 Qe5 25. Qxe5 Nxe5 26. Kh1 g5 27. Ba4 c5 28. Rd2 Be6 29. Rd6 Rb8 30. h4 g4 31. a3 c4 32. Rc2 a5 33. f4 gxf3 34. gxf3 Nxf3 35. Bd7 Bxd7 36. Rxd7 Ne5 37. Rd5 f6 38. Rb5 Kf7 39. b3 cxb3 40. Rxb3 Ba7 41. Rxb8 Bxb8 42. Rc5 a4 43. Ra5 Bd6 44. Rxa4 Nf3 45. Ra5 Be5 46. a4 Nd2 47. Ra7+ Ke6 48. Rh7 Nxe4 49. a5 Nc5 50. Rxh5 f5 51. Rh7 f4 52. Kg2 Bc3 53. Ra7 Kf5 54. a6 Kg4 55. Rg7+ Bxg7 56. a7 f3+ 57. Kf1 Ne4 58. a8Q Ng3+ 59. Kg1 Bd4+ 60. Kh2 1/2-1/2

[Event "Zagorovsky Memorial op"]
[Site "Voronezh"]
[Date "2013.07.02"]
[Round "7"]
[White "Manukovsky, Vladimir"]
[Black "Grishchenko, Vladimir"]
[Result "1-0"]
[WhiteElo "2233"]
[BlackElo "2020"]
[PlyCount "75"]
[EventDate "2013.06.25"]
[EventType "swiss"]
[EventRounds "9"]
[EventCountry "RUS"]
[SourceTitle "EXT 2014"]
[Source "ChessBase"]
[SourceDate "2013.11.20"]
[SourceVersion "1"]
[SourceVersionDate "2013.11.20"]
[SourceQuality "1"]

1. e4 c5 2. Nf3 e6 3. d4 cxd4 4. Nxd4 a6 5. Bd3 Qc7 6. 0-0 Nc6 7. Nxc6 dxc6 8. Nd2 e5 9. Nc4 b5 10. Ne3 g6 11. a4 Bb7 12. c4 b4 13. b3 Nf6 14. Qf3 Bg7 15. a5 0-0 16. Rd1 Rad8 17. Ra4 Bc8 18. h3 Nd7 19. Bc2 Nc5 20. Ra1 Ne6 21. Qe2 Nd4 22. Qe1 c5 23. Ra2 Be6 24. Nd5 Bxd5 25. exd5 f5 26. Be3 e4 27. Qd2 f4 28. Bxd4 Bxd4 29. Bxe4 Rde8 30. Bf3 h5 31. Qc2 Kg7 32. Rxd4 cxd4 33. c5 Rc8 34. c6 Rfe8 35. Qc5 Qe5 36. Re2 Qf6 37. Rxe8 Rxe8 38. c7 1-0

[Event "Zagorovsky Memorial op"]
[Site "Voronezh"]
[Date "2013.06.29"]
[Round "5"]
[White "Kozlov, Sergey"]
[Black "Grishchenko, Vladimir"]
[Result "0-1"]
[WhiteElo "1886"]
[BlackElo "2020"]
[PlyCount "130"]
[EventDate "2013.06.25"]
[EventType "swiss"]
[EventRounds "9"]
[EventCountry "RUS"]
[SourceTitle "EXT 2014"]
[Source "ChessBase"]
[SourceDate "2013.11.20"]
[SourceVersion "1"]
[SourceVersionDate "2013.11.20"]
[SourceQuality "1"]

1. e4 c5 2. Nf3 e6 3. d4 cxd4 4. Nxd4 a6 5. Nc3 Qc7 6. Bd3 Nc6 7. Be3 Nf6 8. 0-0 Bd6 9. Nxc6 dxc6 10. f4 e5 11. f5 h5 12. Kh1 Ng4 13. Bg5 f6 14. Bd2 Bc5 15. Qf3 b5 16. Rae1 Bb7 17. Nd1 0-0-0 18. Ne3 Bxe3 19. Bxe3 c5 20. b3 c4 21. bxc4 bxc4 22. Be2 Nxe3 23. Qxe3 Rd4 24. Bf3 h4 25. h3 Kb8 26. Rb1 Ka8 27. Rb2 Qc5 28. c3 Rd5 29. Qxc5 Rxc5 30. Rfb1 Bc6 31. Rd1 Rc8 32. Kg1 Ka7 33. Kf2 Rb5 34. Rbd2 Rb7 35. Ke3 Ba4 36. Rd8 Rxd8 37. Rxd8 Rb2 38. Rd2 Rb1 39. Be2 Rc1 40. Rd8 Rxc3+ 41. Kd2 Rc2+ 42. Ke3 Bb5 43. Rg8 c3 44. Bxb5 axb5 45. Rxg7+ Kb6 46. Kd3 Rc1 47. a3 Kc6 48. Rg6 Kc5 49. Rxf6 Ra1 50. Kxc3 Rxa3+ 51. Kb2 Re3 52. Rf8 Rxe4 53. f6 Rf4 54. f7 Kb4 55. Rh8 Rf2+ 56. Kc1 Rxf7 57. Rxh4+ Kc3 58. Kd1 b4 59. Rh8 Rc7 60. g4 b3 61. Kc1 e4 62. Re8 e3 63. Kb1 Kd2 64. Rd8+ Ke1 65. g5 Re7 0-1

[Event "Voronezh-ch Seniors"]
[Site "Voronezh"]
[Date "2011.10.26"]
[Round "2.3"]
[White "Grishchenko, Vladimir"]
[Black "Ajrapetian, Nikita"]
[Result "0-1"]
[WhiteElo "2093"]
[BlackElo "2021"]
[PlyCount "68"]
[EventDate "2011.10.25"]
[EventType "swiss"]
[EventRounds "8"]
[EventCountry "RUS"]
[SourceTitle "EXT 2022"]
[Source "ChessBase"]
[SourceDate "2021.10.06"]
[SourceVersion "1"]
[SourceVersionDate "2021.10.06"]
[SourceQuality "1"]

1. e4 e5 2. Nc3 Nc6 3. g3 Nf6 4. Bg2 Be7 5. Nge2 d6 6. 0-0 Bg4 7. h3 Bxe2 8. Nxe2 0-0 9. d4 exd4 10. Nxd4 Nxd4 11. Qxd4 Nd7 12. Qd5 c6 13. Qd2 Nc5 14. b3 Bf6 15. c3 Re8 16. Re1 Qb6 17. Kh2 Rad8 18. f4 Qa6 19. Bf1 b5 20. Bd3 Nxb3 21. axb3 Qxa1 22. Bb2 Qa5 23. Bb1 Qb6 24. Kg2 a5 25. Re2 a4 26. b4 g6 27. Bc2 c5 28. Qe3 Qc7 29. Ba3 Rc8 30. bxc5 dxc5 31. e5 Bg7 32. Kh2 Bf8 33. h4 b4 34. Bb2 b3 0-1